000 01304nam a2200301 a 4500
005 20240305165341.0
007 cr |||||||||||
008 101216s2010 sp ||||fs|||||0|| 0 spa|c
020 _a9788493630263
035 _a5103
040 _aCCUC
_dvLex
090 _c2064
_d2064
100 1 _aMarín Lama, Carlos
245 1 0 _aNovedades laborales 2010
_h[Recurso electrónico]
_cCarlos Marín Lama, Javier Sánchez Icart, Daniel Miró i Morros
256 _aServicio en línea
260 _a[Barcelona] :
_bPlanificación Jurídica,
_c2010
300 _a1 recurso electrónico
500 _aDescripción del recurso: el 27 abril 2011
506 1 _aContenido solo disponible en los productos indicados
_dvLex Global
_dvLex Global (Academic Edition, excluding Law Schools)
_dvLex Global (U.S. Academic Edition, Law Schools)
_dvLex Global (U.S. Academic Edition, excluding Law Schools)
_dvLex Global (Academic Edition, Law Schools)
650 0 7 _aCondiciones de trabajo
_2Tesauro vLex
650 0 7 _aNormativa laboral
_2Tesauro vLex
650 0 7 _2Tesauro vLex
_aRelaciones laborales
700 1 _aSánchez Icart, Javier
700 1 _aMiró i Morros, Daniel
740 0 _avLex Libros (Servicios en línea)
856 4 0 _uhttps://app.vlex.com/#/sources/novedades-laborales-2010-5103
942 _cRAA
999 _c160499
_d160499